| 000 | 00634nam a2200241 a 4500 | ||
|---|---|---|---|
| 001 | nice12345678 | ||
| 003 | IN_TiNIC | ||
| 005 | 20260116014829.0 | ||
| 008 | 050524s2004 dela grp 000 0 eng | ||
| 020 |
_a _c120 |
||
| 082 | 0 | 0 |
_a305.6297054 _bKHA1 |
| 100 | _aKhalidi, Omar | ||
| 245 |
_aBetween Muslim Nationalists and Nationalist Muslims _b Mawdudi`s Thoughts |
||
| 260 |
_aDelhi _bInstitute of Objective Studies _c2004 |
||
| 300 | _a80p | ||
| 500 | _aincludes index and biblioraphy | ||
| 505 | 2 | _aAppendix | |
| 650 | _aMuslims-India | ||
| 700 | 1 | _aKhalidi, Omar | |
| 902 | _bSRS | ||
| 942 | _cBK | ||
| 999 |
_c17183 _d17183 |
||